Historia de la revolución de Nueva España, antiguamente Anahuac : (Registro nro. 65144)

Detalles MARC
000 - Líder
Campo de control de longitud fija 00763nam a22002177a 4500
003 - Identificador de número de control
Campo de control OSt
005 - Fecha y hora de la última transacción
Campo de control 20260623082126.0
008 - Elementos de datos de longitud fija - Información general
Campo de control de longitud fija 260623b ar ||||| |||| 00| | spa d
040 ## - Fuente de catalogación
Agencia de catalogación HCSPBA
041 ## - Código de idioma
Idioma Español
942 ## - Elementos de entrada adicional
Tipo de ítem LIBROS
100 ## - Autor
Nombre personal Guerra, José
245 ## - Título propiamente dicho
Título Historia de la revolución de Nueva España, antiguamente Anahuac :
Resto del título Verdadero origen y causas de ella con la relación de sus progresos hasta el presente año de 1813.
Número de parte/sección de una obra Tomo 2.
260 ## - Publicación, Distribución, etc.
Lugar de publicación, distribución, etc. México.
Nombre del editor, distribuidor, etc. Cámara de Diputados
Fecha de publicación, distribución, etc. [19--].
300 ## - Descripción física
Extensión 2 v.
500 ## - Nota general
Nota general Esta edición fue tomada literalmente de la primera, hecha en Londres, en la Imprenta de Guillermo Glindon, en el año 1813
650 ## - Asunto - Temas
Tema COLONIZACION
650 ## - Asunto - Temas
Tema HISTORIA
651 ## - Asunto - Nombre geográfico
Nombre geográfico ESPAÑA
651 ## - Asunto - Nombre geográfico
Nombre geográfico AMERICA
999 ## -
-- 65144
-- 134613
Existencias
Biblioteca depositaria Tipo de ítem Colección Signatura topográfica Código de barra Préstamo - Restricciones Fecha de adquisición
Biblioteca Legislativa y Pública "Eva Perón" LIBROS Fondo general 1667 T.2 LEG-LIB-032606 Sala de lectura 23.06.2026

Con tecnología Koha